Statistiques concernant Les baignoires dans les films

Cliquez ici pour prendre le quiz!

Statistiques générales

  • Ce quiz a été pris 117 fois
  • Le résultat moyen est 5 sur 20

Statistiques - réponses

Réponse% Correct
Mulan
93%
Ça, il est revenu
78%
Pretty Woman
76%
Je suis une légende
51%
Les Griffes de la nuit
35%
Gran torino
30%
L'emmerdeur
29%
Certains l'aiment chaud
23%
Madame Doubtfire
18%
The Reader
15%
The Holiday
11%
Sept ans de réflexion
9%
The Truman Show
7%
Sur la route de Madison
3%
Big Fish
2%
Arthur
1%
Hors du temps
1%
Un shérif à New York
1%
Code mementum
0%
L'effet papillon
0%

Distribution des résultats

Percentile par nombre de réponses

% des personnes avec chaque résultat

Votre développement - résultats

Vous n’avez pas pris ce quiz